|
|
|
|
| LEADER |
00993nam a2200217 a 4500 |
| 001 |
GR-MES13211 |
| 008 |
070926s gr 000 0 gre d |
| 020 |
|
|
|a 0805318976
|
| 040 |
|
|
|a GrPaTEI
|b gre
|c GR-PaULI
|
| 040 |
|
|
|a GrPaTEI
|b gre
|c GR-PaULI
|
| 082 |
|
0 |
|a 639.3
|2 22
|
| 245 |
0 |
0 |
|a Fish farm :
|b A Simulation of commercial Aquaculture /
|c Robert Kosinski.
|
| 260 |
|
|
|a California :
|b Benjamin / Cummings Publishing company,
|c c1993
|
| 300 |
|
|
|a 98σ. :
|b εικ.
|
| 650 |
|
0 |
|a Fish culture
|
| 700 |
0 |
|
|a Kosinski Robert
|
| 942 |
|
|
|2 ddc
|
| 952 |
|
|
|0 0
|1 0
|2 ddc
|4 0
|6 639_300000000000000_KOS
|7 0
|9 271721
|a MSLG
|b MSLG
|c BSC
|d 2021-01-17
|e 24
|f 0
|g 0.00
|l 0
|o 639.3 KOS
|p 2420000019772
|r 2021-01-17 00:00:00
|t 1
|w 2021-01-17
|y BK15
|x 20070926 0 1
|x GrPaTEI
|
| 952 |
|
|
|0 0
|1 0
|2 ddc
|4 0
|6 639_300000000000000_KOS
|7 0
|9 271722
|a MSLG
|b MSLG
|c BSC
|d 2021-01-17
|e 24
|f 0
|g 0.00
|l 0
|o 639.3 KOS
|p 2420000019773
|r 2021-01-17 00:00:00
|t 1
|w 2021-01-17
|y BK15
|x 20070926 0 1
|x GrPaTEI
|
| 971 |
|
|
|a .b25792593
|b 15-04-20
|c 13-09-16
|
| 999 |
|
|
|c 157006
|d 157006
|